Logo BPK

Biblioteka

Politechniki Koszalińskiej

Cruel april : (Rekord nr 47680)

Szczegóły MARC
000 -ETYKIETA REKORDU
podpole kontrolne o stałej długości 00813nam a2200253 i 4500
001 - NUMER KONTROLNY REKORDU
pole kontrolne bgj
020 ## - MIĘDZYNARODOWY ZNORMALIZOWANY NUMER KSIĄŻKI - ISBN
ISBN 0393027872
040 ## - ŹRÓDŁO KATALOGOWANIA
Instytucja, która utworzyła rekord BPK
041 0# - KOD JĘZYKA
Kod języka tekstu eng
Kod języka oryginału fre
920 ## - Międzynarodowy znormalizowany numer książki – ISBN
ISBN 0-393-02787-2
008 - POLE O STAŁEJ DŁUGOŚCI - DANE KONTROLNE
podpole kontrolne o stałej długości s uk f |000 0 eng
100 1# - NAZWA OSOBOWA
Nazwa osobowa TODD, Olivier.
245 00 - TYTUŁ/ODPOWIEDZIALNOŚĆ
Tytuł Cruel april :
Ciąg dalszy tytułu the fall of Saigon /
Pozostałe elementy strefy tytułu i oznaczenia odpowiedzialności Oliver Todd ; translated from the French by Stephen Becker.
260 ## - STREFA ADRESU WYDAWNICZEGO
Miejsce wydania New York :
Nazwa wydawcy/dystrybutora W. W. Norton and Company,
Data publikacji, dystrybucji/powstania dokumentu cop. 1990
Miejsce wydania London.
300 ## - STREFA OPISU FIZYCZNEGO
Objętość VIII, 470 :
Inne cechy fizyczne photos ;
Rozmiary 25 cm.
500 ## - UWAGI OGÓLNE
Tekst uwagi Tranlation of "Cruel avril".
504 ## - UWAGA DOTYCZĄCA BIBLIOGRAFII
Informacje o bibliografii Bibliography p. 449-453.
505 ## - SFORMALIZOWANA UWAGA DOTYCZĄCA ZAWARTOŚCI
Pełny tekst uwagi Includes index.
650 #9 - HASŁO PRZEDMIOTOWE W FORMIE NAZWY OGÓLNEJ LUB JEDNOSTKOWEJ
Nazwa ogólna lub geograficzna Vietnamese conflict
651 #9 - HASŁO PRZEDMIOTOWE W FORMIE NAZWY GEOGRAFICZNEJ
Nazwa geograficzna Vietnam
Określnik geograficzny Ho Chi Minh City
Określnik chronologiczny 1961-1975
651 #9 - HASŁO PRZEDMIOTOWE W FORMIE NAZWY GEOGRAFICZNEJ
Nazwa geograficzna Ho Chi Minh City (Vietnam)
Określnik ogólny History
700 1# - HASŁO DODATKOWE - NAZWA OSOBOWA
Nazwa osobowa BECKER, Stephen.
Określenie związku między hasłem a opisywanym materiałem translator
856 ## - LOKALIZACJA I DOSTĘP DO ELEKTRONICZNYCH DOKUMENTÓW ZDALNYCH
Link (URL) http://koha.tu.koszalin.pl/cgi-bin/koha/opac-detail.pl?biblionumber=47680
Tekst linku Katalog online BPK
942 ## - DODATKOWE ELEMENTY (KOHA)
Typ dokumentu Książka
Egzemplarze
Wycofany Status egzemplarza Uszkodzony Dostępność Lokalizacja stała Lokalizacja bieżąca Miejsce przechowywania Sygnatura Kod kreskowy Typ dokumentu
      Dostępny Biblioteka Politechniki Koszalińskiej Biblioteka Politechniki Koszalińskiej Wypożyczalnia Językowa KA 4209 09056985 Książka
      Dostępny Biblioteka Politechniki Koszalińskiej Biblioteka Politechniki Koszalińskiej Wypożyczalnia Językowa KA 4210 09016804 Książka
      Dostępny Biblioteka Politechniki Koszalińskiej Biblioteka Politechniki Koszalińskiej Wypożyczalnia Językowa KA 4211 09019546 Książka
© 2023 Biblioteka Politechniki Koszalińskiej :: KOHA